000 00300nam a22001337a 4500
008 170413b xxu||||| |||| 00| 0 eng d
020 _a9780834209213
041 _aeng
080 _a612.39
100 _a10
101 _aSHM
245 _aHEALTH CARE FOOD SERVICE
_cSULLIVAN, C.F
942 _2udc
_cBK
999 _c10686
_d10686